00626cam a22002417a 4500003000500000005001700005008004100022010000900063011000900072035000900081040000900090082001600099100003000115245003200145260003400177300002000211490002900231500001100260650002000271700003400291700003200325830002700357CHAP20220329133347.0971013s1992 r 00010 d a5458 a6430 a5650 cCHAP a635.643bZ300aZapata Nicolás, Manuel.13aEl pimiento para pimentón aMadrid :bMundi-Prensa,c1992 a240 p.b: ilus. 0aAgroguías Mundi-Prensa a57-10314aChile pimiento.0 aBañón Arias, Sebastián.0 aCabrera Fernández, Pedro.0 aAgroguias Mundi-Prensa